000 00709nam a2200241Ia 4500
003 OSt
005 20221007072720.0
006 a|||||r|||| 00| 0
007 ta
008 221006b |||||||| |||| 00| 0 eng d
024 _a27,442
037 _cReports / Technical Reports
040 _aFLL
_cFLL
_beng
041 _2eng
_aeng
082 _aZ654:5, K4;1
100 _aOkonkwo Cyprian O.
_9152563
245 0 _aCriminal law in Nigeria
260 _aLondon
_bSweet & Maxwell UK
_c1964
300 _axxxviii,378p
_ccm.
700 _a Naish Michael E.
_9691272
942 _hZ654:5, K4;1
_cREP
_2CC
999 _c1146799
_d1146799